Advanced Intergrated Studies Geosociology and the Future (Record no. 348582)
[ view plain ]
| 000 -LEADER | |
|---|---|
| fixed length control field | 00373 a2200133 4500 |
| 082 ## - DEWEY DECIMAL CLASSIFICATION NUMBER | |
| Classification number | 320.12 |
| 090 ## - LOCALLY ASSIGNED LC-TYPE CALL NUMBER (OCLC); LOCAL CALL NUMBER (RLIN) | |
| -- | 6209 |
| -- | 6209 |
| 100 ## - MAIN ENTRY--PERSONAL NAME | |
| Personal name | Azam, Ikram |
| 245 ## - TITLE STATEMENT | |
| Title | Advanced Intergrated Studies Geosociology and the Future |
| Statement of responsibility, etc. | Dr. Ikram Azam |
| Medium | English |
| 260 ## - PUBLICATION, DISTRIBUTION, ETC. | |
| Place of publication, distribution, etc. | Islamabad |
| Name of publisher, distributor, etc. | The PFI Margalla Voices |
| Date of publication, distribution, etc. | 2004 |
| 300 ## - PHYSICAL DESCRIPTION | |
| Extent | 447 |
| 500 ## - GENERAL NOTE | |
| General note | papercover |
| 942 ## - ADDED ENTRY ELEMENTS (KOHA) | |
| Institution code [OBSOLETE] | NBS |
| Koha item type | Book |
| Call number prefix | 320.12 AZA |
| Withdrawn status | Lost status | Source of classification or shelving scheme | Damaged status | Not for loan | Collection code | Permanent Location | Current Location | Shelving location | Date acquired | Total Checkouts | Full call number | Barcode | Date last seen | Date last checked out | Price effective from | Koha item type |
|---|---|---|---|---|---|---|---|---|---|---|---|---|---|---|---|---|
| Central Library (CL) | Central Library (CL) | General Stacks | 08/11/2016 | 2 | 320.12 IKR 2004 | NBSD-2640 | 09/16/2022 | 07/20/2017 | 08/11/2016 | Book |
